| 000 | 00698nam a2200229 a 4500 | ||
|---|---|---|---|
| 003 | MX-MxUPN | ||
| 005 | 20240614063745.0 | ||
| 008 | 220328t1994 xxua||||r|||| 000 0 eng d | ||
| 020 | _a0194349039 | ||
| 040 |
_aMX-MxUPN _bspa _cMX-MxUPN |
||
| 041 | 0 | _aeng | |
| 049 | _aLT | ||
| 050 | 4 |
_aLB1631 M6.2 _bD3.3 |
|
| 100 | 1 |
_aDavies, Paul _931642 |
|
| 245 | 1 | 0 |
_aAction! : _bstudent book 2 / _cPaul Davies, Eric Pearse. |
| 260 |
_aNew York, NY : _bOxford University Press, _c©1994. |
||
| 300 |
_a246 p. : _bil. |
||
| 650 | 4 |
_aInglés _xEstudio y enseñanza (Secundaria) _95708 |
|
| 650 | 4 |
_aInglés _vLibros de texto para extranjeros _99168 |
|
| 700 | 1 |
_aPearse, Eric _931746 _ecoaut. |
|
| 905 | _aLibro | ||
| 999 |
_c208306 _d208306 |
||